Playable Characters in Fire Emblem: Shadow Dragon - Statistics

General Stats
  • This quiz has been taken 71 times
  • The average score is 49 of 59
Answer Stats
Answer % Correct
Abel
100%
Caeda
100%
Cain
100%
Jagen
100%
Marth
100%
Minerva
100%
Ogma
100%
Barst
96%
Bord
96%
Cord
96%
Draug
96%
Gordin
96%
Hardin
96%
Julian
96%
Lena
96%
Maria
96%
Merric
96%
Navarre
96%
Tiki
96%
Catria
92%
Est
92%
Nagi
92%
Palla
92%
Wolf
92%
Astram
88%
Bantu
88%
Castor
88%
Sedgar
88%
Wrys
88%
Matthis
84%
Vyland
84%
Darros
80%
Jake
80%
Norne
80%
Roshea
80%
Wendell
80%
Athena
76%
Elice
76%
Linde
76%
Midia
76%
Roger
76%
Beck
72%
Caesar
72%
Dolph
72%
Gotoh
72%
Rickard
72%
Etzel
68%
Frey
68%
Jeorge
68%
Macellan
68%
Xane
68%
Ymir
68%
Samson
64%
Arran
60%
Tomas
60%
Boah
56%
Horace
52%
Lorenz
52%
Radd
52%
No matching quizzes found
Score Distribution
Percent of People with Each Score
Percentile by Number Answered
Your Score History
You have not taken this quiz